LEADER 01695nam0 22003131i 450 001 UON00408012 005 20231205104727.713 100 $a20120404d1962 |0itac50 ba 101 $ager$aRUS 102 $aDE 105 $a|||| 1|||| 200 1 $aˆDes ‰Metropoliten Ilarion Lobrede auf Vladimir den Heiligen und Glaubensbekenntnis$eNach der Erstausgabe von 1844 neu herausgegeben, eingeleitet und erläutert von Ludolf Müller ; Wörterverzeichnis von Susanne Kehrer und Wolfgang Seegatz 210 $aWiesbaden$cOtto Harrassowitz$d1962 215 $a229 p.$d23 cm. 410 1$1001UON00408015$12001 $aSlavistische Studienbücher$fheraus. von Dmitrij Tschizewskij, Reinhold Olesch und Dietrich Gerhardt$v2 606 $aILARION $xSermone sulla legge e sulla grazia$3UONC058254$2FI 620 $aDE$dWiesbaden$3UONL003153 676 $a252.014$cTESTI DI SERMONI. CHIESA APOSTOLICA POST-NICENA. 325-1054$v21 700 0$aILARION$cmetropolita di Kiev$3UONV157879$0708381 702 1$aKEHRER$bSusanne$3UONV208950 702 1$aMÜLLER$bLudolf$3UONV205915 702 1$aSEEGATZ$bWolfgang$3UONV208951 712 $aHarrassowitz$3UONV245869$4650 801 $aIT$bSOL$c20250124$gRICA 912 $aUON00408012 950 $aSIBA - SISTEMA BIBLIOTECARIO DI ATENEO$dSI FL 35 0071 $eSI SL 1471 5 0071 $sBuono 950 $aSIBA - SISTEMA BIBLIOTECARIO DI ATENEO$dSI FL 35 0070 $eSI SL 285 5 0070 $sBuono 996 $aMetropoliten Ilarion Lobrede auf Vladimir den Heiligen und Glaubensbekenntnis$91345915 997 $aUNIOR